Espoir football mondial 2 - Statistiques

Statistiques générales
  • Ce quiz a été pris 113 fois
  • Le résultat moyen est 8 sur 15
Statistiques - réponses
Nationalité Club Poste Age Valeur Joueur % Correct
Pays-Bas Leipzig Mil 20 70M Simons
90%
Anglais Real Madrid Mil 20 180M Bellingham
84%
Danemark Manchester united Att 20 65M Hojlund
82%
Argentine Manchester united Mil 19 30M Garnacho
74%
Français Losc Def 18 25M Yoro
71%
Allemand Bayern Munich Mil 20 110M Musiala
68%
Français Toulouse G 20 10M Restes
58%
Anglais Manchester City Def 19 38M Lewis
55%
Français Monaco Att 18 18M Ben Seghir
45%
Norvege Manchester City Att 20 15M Bobb
35%
Slovene RB Leipzig Att 20 30M Sesko
35%
Anglais Dortmund Mil 19 28M Bynoe-Gittens
29%
Paraguayen Brighton Att 19 22M Enciso
24%
Norvege Brugge Att 18 17M Nusa
14%
Anglais Juventus Mil 20 10M Iling-Junior
12%
Aucun quiz correspondant
Distribution des résultats
% des personnes avec chaque résultat
Percentile par nombre de réponses
Votre historique - résultats
Vous n’avez pas pris ce quiz